| 000 | 00000nam 22000008a 4500 |
| 001 | 9.838929 |
| 003 | CaOODSP |
| 005 | 20221107151507 |
| 007 | cr ||||||||||| |
| 008 | 170803s1971 onc o| f000 0 eng d |
| 040 | |aCaOODSP|beng |
| 043 | |an-cn-r |
| 086 | 1 |aR74-35/1971E-PDF |
| 245 | 00|aArctic co-operative radio broadcasts |h[electronic resource]. |
| 260 | |aOttawa :|bDepartment of Indian Affairs and Northern Development,|c1971. |
| 300 | |a375 p. |
| 500 | |aDigitized edition from print [produced by Indigenous and Northern Affairs Canada]. |
| 692 | 07|2gccst|aCooperatives |
| 692 | 07|2gccst|aBroadcasting |
| 710 | 1 |aCanada. |bIndigenous and Northern Affairs Canada. |
| 710 | 1 |aCanada. |bDepartment of Indian Affairs and Northern Development. |
| 856 | 40|qPDF|s32.67 MB|uhttps://publications.gc.ca/collections/collection_2017/aanc-inac/R74-35-1971-eng.pdf |